000 00477nam a2200181Ia 4500
005 20250326123942.0
008 250326s9999 xx 000 0 und d
037 _aTextbook
040 _aFMSL
_beng
_cFMSL
041 _aeng
_2eng
084 _aT(X:99T) K6
_qFMSL
100 _aCenci L
_9736481
245 0 _aSkill training for the job
_cCenci L
260 _aNY
_bNY, Pitman
_c1966
300 _a223p
942 _cTB
_hT(X:99T) K6
999 _c1271627
_d1271627